000 00583nam#a22002295a#4500
001 2846
008 211005s2021####ag############000#0#und#d
245 1 0 _aCurva de Remanso /
_cElena Anníbali.
250 _a1ªed. esp.
260 _aCórdoba :
_bCaballo Negro Editora,
_c2021.
300 _a40 p. ;
_c18 x 12 cm.
020 _a9789873612503
100 1 _aAnníbali, Elena.
080 _a82-1(82)
084 _aA55
653 _aPoesía Argentina
653 _aLiteratura Argentina
040 _aAR-ClEAG
_cAR-ClEAG
005 20241107184803.0
003 AR-ClEAG
942 _cBK
999 _c2846
_d2846
980 _62
_aEvangelina Gallicchio
_82
_gEvangelina Gallicchio